Score 0/36 Timer 08:00
0 Plays Today
bet raise % Correct
1Moe
97.7%
1Curly
91%
2Japan
88.9%
1LARRY - The 3 Stooges
76.5%
2Germany
73.9%
5Paper
63.5%
5Scissors
61.7%
5ROCK - Rock Paper Scissors
60.8%
2ITALY - WW II Axis powers
60.2%
3Myrrh
54.9%
3GOLD - Gifts of the Magi
54.3%
6Lisa
51.1%
3Frankincense
49.5%
6Maggie
45.4%
6BART - Simpsons Children
41.8%
9Pompey
26.2%
7Executive
23.7%
7Judicial
22.9%
bet raise % Correct
11Liberty
21.1%
7LEGISLATIVE - Branches of US Government
19.6%
9Caesar
15.7%
10Cape Town
11.4%
11Fraternity
11.1%
11EQUALITY - Values of the French Revolution
7.1%
8Armstrong
5.6%
10PRETORIA - South African Capitals
5.2%
8Aldrin
5%
10Bloemfontein
4.2%
4Neutron
4.1%
4Electron
4.1%
4PROTON - Basic Sub-Atomic Particles
4%
9CRASSUS - Rome's First Triumvirate
3.4%
12Sedimentary
3%
12Metamorphic
2.7%
12IGNEOUS - Basic Rock Types
2.7%
8COLLINS - Apollo 11 Crew
2.5%

You're not logged in!

Compare scores with friends on all Sporcle quizzes.
OR
Log In

Sporcle TV

Today on Sporcle TV


Watch our educational content, quiz creation guides, and fun videos on Sporcle TV.

Show Comments

Extras

Top Quizzes Today


Score Distribution

Paid Content

Your Account Isn't Verified!

In order to create a playlist on Sporcle, you need to verify the email address you used during registration. Go to your Sporcle Settings to finish the process.

Report this User

Report this user for behavior that violates our Community Guidelines.

Details: